Hillforts of the Cheshire Ridge /

The Habitats and Hillforts of Cheshire's Sandstone Ridge Landscape Partnership Project was focussed on six of Cheshire's hillforts and their surrounding habitats and landscapes. It aimed to develop understanding of the chronology and role of the hillforts and encourage local interest and i...

وصف كامل

محفوظ في:

المؤلف الرئيسي: Garner, D. J. (مؤلف)

التنسيق: كتاب الكتروني

اللغة: English

منشور في: Oxford : Archaeopress, 2016.

الموضوعات:

الوصول للمادة أونلاين: Login to view Source

الوسوم: إضافة وسم

لا توجد وسوم, كن أول من يضع وسما على هذه التسجيلة!

رقم الطلب: GN806

LEADER 01714nam a2200373 i 4500
001 EDZ0001588042
003 StDuBDS
005 20230412181840.0
006 m|||||o||d||||||||
007 cr |||||||||||
008 161115s2016 enka f 000|0|eng|d
020 |a 9781784914677 (ebook) :  |c No price 
040 |a StDuBDS  |b eng  |c StDuBDS  |e rda  |e pn 
050 4 |a GN806 
082 0 4 |a 936.271  |2 23 
100 1 |a Garner, D. J.  |q (Dan J.),  |e author. 
245 1 0 |a Hillforts of the Cheshire Ridge /  |c Dan Garner. 
264 1 |a Oxford :  |b Archaeopress,  |c 2016. 
300 |a 1 online resource :  |b illustrations (black and white, and colour) 
336 |a text  |2 rdacontent 
336 |a still image  |2 rdacontent 
337 |a computer  |2 rdamedia 
338 |a online resource  |2 rdacarrier 
520 8 |a The Habitats and Hillforts of Cheshire's Sandstone Ridge Landscape Partnership Project was focussed on six of Cheshire's hillforts and their surrounding habitats and landscapes. It aimed to develop understanding of the chronology and role of the hillforts and encourage local interest and involvement in their maintenance. 
521 |a Specialized. 
588 |a Description based on online resource; title from home page (viewed on November 14, 2016). 
650 0 |a Fortification, Prehistoric  |z England  |z Cheshire. 
650 0 |a Excavations (Archaeology)  |z England  |z Cheshire. 
651 0 |a Cheshire (England)  |x Antiquities. 
776 0 8 |i Print version :  |z 9781784914660 
856 4 0 |3 Archaeopress  |u http://library.arce.org:8087/Archaeopress/Products/9781784914660 
942 |2 lcc  |c EBOOK 
952 |0 0  |1 0  |4 0  |6 GN0806  |7 1  |9 46210  |a ARCH  |b ARCH  |d 2023-04-12  |l 0  |o GN806  |r 2023-04-12 00:00:00  |w 2023-04-12  |y EBOOK 
999 |c 51868  |d 51868